Rozpoznaj kraje po zdjęciach - Statystyki

Ogólne statystyki
  • Ten quiz został rozwiązany 98 razy
    68 od ostatniego zresetowania
  • Średni wynik to 10 z 12
Statystyki odpowiedzi
Obrazkowy Odpowiedź % Poprawnych
Francja
100%
Grecja
100%
Wielka Brytania
100%
Włochy
100%
Chiny
98%
Japonia
98%
Polska
98%
Rosja
96%
Stany Zjednoczone
80%
Ukraina
64%
Czechy
54%
Maroko
25%
Nie znaleziono quizów pasujących do podanych kryteriów
Rozkład punktacji
Procent ludzi z każdym wynikiem
Percentyl według liczby udzielonych odpowiedzi
Twoja historia wyników
Nie rozwiązałeś tego quizu od ostatniego zresetowania